00453nam a2200181Ia 4500003000400000005001700004008004000021020001800061040000700079041001200086082001600098100003600114245003100150250000600181260003400187300001300221650003700234OSt20231102105428.0210210b1981 xxu||||| |||| 00| 0 eng d a0 471 09961 9 cAL aEnglish a541.38 FRIN aFRIEDLANDER (Gerhart) & others. aNuclear and radiochemistry a3 aNYbJohn Wiley and Sonsc1981 axiii,684 aNuclear radiochemistry chemistry